| 000 | 02882cam a2200421 i 4500 | ||
|---|---|---|---|
| 999 |
_c64406 _d64406 |
||
| 001 | 15171103 | ||
| 003 | CO-MdFUSB | ||
| 005 | 20180817121749.0 | ||
| 008 | 080206s2008 enk g b 001 0 eng | ||
| 010 | _a 2008005694 | ||
| 020 | _a9781847062178 | ||
| 020 | _a1847062172 | ||
| 020 | _a9781847062185 | ||
| 020 | _a1847062180 | ||
| 040 |
_aDLC _cCO-MdFUSB _dCO-MdFUSB _bspa _erda |
||
| 041 | _aeng | ||
| 082 | 0 | 0 |
_224 _aG 201.65 _bED23e |
| 245 | 1 | 4 |
_aThe edge of reason? _b: Science and religion in modern society _c/ editado por Alex Bentley. |
| 264 | 1 |
_aLondon ; _bContinuum, _c℗2008. |
|
| 264 | 4 | _c©2008 | |
| 300 |
_a222 páginas ; _c20 cm. |
||
| 336 |
_2rdacontent _atexto _btxt |
||
| 337 |
_2rdamedia _asin mediación _bn |
||
| 338 |
_2rdacarrier _avolumen _bnc |
||
| 501 | _aIncluye índice (páginas 211- 222) | ||
| 505 | 0 | _aParte I: ¿Deberían los científicos desafiar las creencias religiosas en la sociedad moderna? -- Ciencia y religión: negociando los rápidos del siglo XXI / Denis R. Alexander -- Por qué fallan las nuevas definiciones ateas de las religiones / Mark Hulsether -- Aborigen versus creacionismo occidental / Robert Layton -- Ciencia versus antropología, no religión / Simon Coleman -- El ateísmo y la libertad / Michael Shermer -- Parte II: ¿Es inevitable la religión? Prehistoria y evolución -- La evolución de la guerra / Herbert D.G. Maschner y Katherine L. Reedy-Maschner -- Por qué somos buenos: las neuronas espejo y las raíces de la empatía / Gordy Slack -- La evolución de la religión / Lewis Wolpert -- ¿Es inevitable la religión? La visión de un arqueólogo del pasado / Steven Mithen -- Artificiales, o por qué Darwin estaba equivocado sobre los humanos / Timothy Taylor -- Parte III: ¿La religión es dañina? De los cerebros a las sociedades - Ciencia y creencias del cerebro / Andrew Newberg -- Por qué Richard Dawkins está equivocado sobre religión / David Sloan Wilson -- Terror público versus bien público / Ian Reader -- Budismo: ¿hay un mejor equilibrio en el Este? / Hiroko Kawanami -- Parte IV: ¿Puede la ciencia misma inspirar la maravilla espiritual? Opiniones más amplias: ¿El descubrimiento científico puede ser una experiencia religiosa? / John Hedley Brooke -- ¡Cielos arriba! Las viejas nociones nunca mueren. Simplemente incorporan / William Calvin -- Otras inteligencias / Seth Shostak -- Teología natural en la cosmología contemporánea / David Wilkinson. | |
| 650 | 7 |
_aReligión y ciencia _9259 |
|
| 700 | 1 | _aBentley, Alex. | |
| 906 |
_a7 _bcbc _corignew _d1 _eecip _f20 _gy-gencatlg |
||
| 942 | _cBK | ||